| 000 | 01223nam a2200217 a 4500 | ||
|---|---|---|---|
| 001 | 000029149 | ||
| 003 | OSt | ||
| 005 | 20250607073643.0 | ||
| 008 | 110413s2008 dr ad 000 0 spa d | ||
| 020 | _a9789945436303 | ||
| 040 |
_aDO-SdBNP _bspa _cBNPHU |
||
| 049 | _aBNPD | ||
| 111 | 2 |
_aForo Tendencias y Desafíos en la Definición e Implementación de la Carrera Sanitaria _d(2008 : _cSanto Domingo) _956056 |
|
| 245 | 1 | 0 | _aInforme del Foro Tendencias y Desafíos en la Definición e Implementación de la Carrera Sanitaria |
| 260 |
_aSanto Domingo : _bOPS : _bSESPAS, _c2008. |
||
| 300 |
_a90 p. : _bil., retrs. ; _c26 cm. |
||
| 505 | 2 | _aPresentación-- Introducción -- Objetivos de foro -- Desarrollo del foro -- Acto inaugural -- Conferencia inaugural -- Conferencia magistral y panel sobre experiencias internacionales -- Conferencias nacionales y panel sobre carreras especiales -- Panel experiencias nacionales -- Mesas de trabajo de grupos (talleres) -- Principales recomendaciones y Evaluación del foro -- Anexos. | |
| 710 | 1 |
_aRepública Dominicana. _b Secretaria de Estado de Salud Pública y Asistencia Social (2001) _956549 |
|
| 710 | 1 |
_aOrganización Panamericana de la Salud _91055 |
|
| 942 |
_2ddc _cLBS1 |
||
| 999 |
_c28641 _d28641 |
||